Espionaje chileno: operaciones especiales de inteligencia contra el estado peruano
Gorde:
| Egile nagusia: | |
|---|---|
| Formatua: | Liburua |
| Hizkuntza: | gaztelania |
| Argitaratua: |
Lima
Ezer
2010
|
| Gaiak: | |
| Etiketak: |
Etiketa erantsi
Etiketarik gabe, Izan zaitez lehena erregistro honi etiketa jartzen!
|
MARC
| LEADER | 00000cam a2200000 a 4500 | ||
|---|---|---|---|
| 001 | UCG7740 | ||
| 003 | CL-VaPUC | ||
| 008 | 110905e20100000PE |||||||||||||||||spa|d | ||
| 020 | |a 9786124564611 | ||
| 082 | 0 | 4 | |a 364.131 |b MON |2 21 |
| 100 | |a Montesinos Torres, Vladimiro |e autor |9 558260 | ||
| 245 | 1 | 0 | |a Espionaje chileno: operaciones especiales de inteligencia contra el estado peruano |
| 300 | |a 428 p | ||
| 942 | |c BK | ||
| 945 | |d 20110905 00:00:00 |a dcastane | ||
| 260 | |a Lima |b Ezer |c 2010 | ||
| 650 | 7 | |a DELITOS CONTRA LA PAZ |2 CL-VaPUC |9 259258 | |
| 650 | 7 | |a ESPIONAJE |2 CL-VaPUC |9 381854 | |
| 650 | 7 | |a DELITOS POLITICOS |2 CL-VaPUC |9 256092 | |
| 651 | 7 | |a CHILE |2 CL-VaPUC |9 558261 | |
| 651 | 0 | |a Perú |9 256567 | |
| 583 | |a last modification |c 20110905 13:21:00 |k Rodrigo Vera | ||
| 999 | |c 345510 |d 345508 | ||
| 952 | |0 0 |1 0 |4 0 |6 364_131000000000000_MON_2010 |7 0 |8 A |9 444296 |a BIBHIS |b BIBHIS |d 2019-11-22 |i 4790618 |o 364.131 MON 2010 |p 4790618 |r 2025-01-20 |w 2019-11-22 |y BK |k HIS | ||